[Event "Krapina op 11th"]
[Site "Krapina"]
[Date "2023.01.15"]
[Round "6"]
[White "Gakic, Miodrag"]
[Black "Klement, Dubravko"]
[Result "0-1"]
[WhiteElo "1911"]
[BlackElo "1828"]
[PlyCount "47"]
[EventDate "2023.01.13"]
[EventType "swiss"]
[EventRounds "7"]
[EventCountry "CRO"]
[SourceTitle "CBM 212 Extra"]
[Source "ChessBase"]
[SourceDate "2023.03.31"]
[SourceVersion "1"]
[SourceVersionDate "2023.03.31"]
[SourceQuality "1"]

1. e4 c5 2. Nf3 e6 3. d4 cxd4 4. Nxd4 a6 5. Nc3 Qc7 6. Bd3 Nc6 7. Nxc6 dxc6 8. 0-0 Nf6 9. Qe2 e5 10. h3 b5 11. a4 b4 12. Nd1 a5 13. Ne3 Be7 14. Nf5 Bxf5 15. exf5 Nd5 16. Re1 Bf6 17. f4 0-0 18. fxe5 Rae8 19. e6 fxe6 20. Qh5 Qg3 21. Re2 Be5 22. Qf3 Qh2+ 23. Kf1 Bd4 24. Be3 0-1

[Event "Medimurska CupT"]
[Site "Croatia"]
[Date "2019.02.24"]
[Round "3.5"]
[White "Cernov, Bozidar"]
[Black "Gakic, Miodrag"]
[Result "0-1"]
[WhiteElo "1681"]
[BlackElo "2000"]
[PlyCount "72"]
[EventDate "2019.02.10"]
[EventType "team-swiss"]
[EventRounds "6"]
[EventCountry "CRO"]
[SourceTitle "EXT 2020"]
[Source "ChessBase"]
[SourceDate "2019.10.17"]
[SourceVersion "1"]
[SourceVersionDate "2019.10.17"]
[SourceQuality "1"]

1. d4 Nf6 2. c4 g6 3. Nc3 d5 4. e3 Bg7 5. Nf3 0-0 6. Be2 c5 7. 0-0 cxd4 8. Nxd4 dxc4 9. Bxc4 Qc7 10. Be2 a6 11. Bd2 e5 12. Nf3 Nc6 13. a3 Rd8 14. Qc1 e4 15. Ne1 Qd6 16. Nb1 Bg4 17. f3 exf3 18. gxf3 Bh5 19. Rf2 Rac8 20. Bc3 Na5 21. Qc2 Nd5 22. Ng2 Qc5 23. Qe4 Nb3 24. Ra2 Nc1 25. Ra1 Re8 26. Qc2 Nxe2+ 27. Qxe2 Nxe3 28. Nxe3 Rxe3 29. Qd2 Rxf3 30. Kg2 Rxf2+ 31. Qxf2 Qd5+ 32. Kg1 Re8 33. Qd2 Qc5+ 34. Qf2 Qg5+ 35. Qg3 Qc1+ 36. Kg2 Re2+ 0-1

[Event "Medimurska CupT"]
[Site "Croatia"]
[Date "2019.02.17"]
[Round "2.4"]
[White "Gakic, Miodrag"]
[Black "Pongrac, Franjo"]
[Result "0-1"]
[WhiteElo "2000"]
[BlackElo "1839"]
[PlyCount "86"]
[EventDate "2019.02.10"]
[EventType "team-swiss"]
[EventRounds "6"]
[EventCountry "CRO"]
[SourceTitle "EXT 2020"]
[Source "ChessBase"]
[SourceDate "2019.10.17"]
[SourceVersion "1"]
[SourceVersionDate "2019.10.17"]
[SourceQuality "1"]

1. e4 e5 2. Nf3 Nc6 3. Bc4 Bc5 4. c3 Nf6 5. d4 exd4 6. e5 d5 7. Bb5 Ne4 8. cxd4 Bb4+ 9. Bd2 Qe7 10. Nc3 Bxc3 11. bxc3 Bg4 12. Qa4 0-0 13. Bxc6 bxc6 14. Qxc6 Rab8 15. Be3 Rfd8 16. Nd2 Rb6 17. Qa4 Nxc3 18. Qc2 Qa3 19. Nb3 Nxa2 20. Rxa2 Qxb3 21. Qxb3 Rxb3 22. Kd2 Rdb8 23. Rc1 Rb2+ 24. Rxb2 Rxb2+ 25. Kc3 Rb7 26. Ra1 Kf8 27. Ra5 c6 28. Bc1 Be2 29. Ba3+ Ke8 30. Bb4 Kd7 31. Ra2 Bc4 32. Ra1 a6 33. f4 h5 34. g3 Ke6 35. Rd1 Ra7 36. Ba5 Rb7 37. Bb4 Rb8 38. Rd2 Rb5 39. Rf2 g6 40. Rd2 a5 41. Bc5 Rb3+ 42. Kc2 a4 43. Rd1 Rf3 0-1

[Event "Medjimurske Team Cup"]
[Site "Nedelisce"]
[Date "2018.02.25"]
[Round "3.2"]
[White "Kerovec, Stjepan"]
[Black "Gakic, Miodrag"]
[Result "0-1"]
[WhiteElo "1692"]
[BlackElo "1993"]
[PlyCount "34"]
[EventDate "2018.02.11"]
[EventType "team-swiss"]
[EventRounds "6"]
[EventCountry "CRO"]
[SourceTitle "CBM 183 Extra"]
[Source "ChessBase"]
[SourceDate "2018.04.19"]
[SourceVersion "1"]
[SourceVersionDate "2018.04.19"]
[SourceQuality "1"]

1. e4 Nf6 2. Nc3 d5 3. exd5 Nxd5 4. Nxd5 Qxd5 5. Qf3 Qc5 6. c3 e5 7. Qe3 Nc6 8. Qxc5 Bxc5 9. Bb5 Bd7 10. Ne2 0-0-0 11. 0-0 a6 12. b4 Ba7 13. Bc4 e4 14. Bb3 Ne5 15. Bc2 Bb5 16. Bd1 Nd3 17. Ba4 Bxa4 0-1

[Event "CRO-chT2 Center 25th"]
[Site "Croatia"]
[Date "2016.04.17"]
[Round "5.16"]
[White "Gakic, Miodrag"]
[Black "Tomasic, Roland"]
[Result "0-1"]
[WhiteElo "2018"]
[BlackElo "2101"]
[PlyCount "113"]
[EventDate "2016.03.13"]
[EventType "team-tourn"]
[EventRounds "11"]
[EventCountry "CRO"]
[SourceTitle "EXT 2019"]
[Source "ChessBase"]
[SourceDate "2018.10.10"]
[SourceVersion "1"]
[SourceVersionDate "2018.10.10"]
[SourceQuality "1"]

1. e4 c5 2. Nf3 d6 3. d4 cxd4 4. Nxd4 Nf6 5. Nc3 e6 6. Be3 a6 7. a4 Be7 8. g3 0-0 9. Bg2 Qc7 10. 0-0 Nc6 11. Nb3 Ne5 12. h3 Nc4 13. Bc1 Bd7 14. Qe2 Rac8 15. Nd4 Qc5 16. Rd1 Rfd8 17. b3 Ne5 18. Bb2 Nc6 19. Qe3 Nb4 20. Rd2 Bf8 21. Rc1 e5 22. Nf5 d5 23. Qg5 Bxf5 24. Qxf5 d4 25. Nd5 Nfxd5 26. exd5 Qd6 27. c4 g6 28. Qg5 f6 29. Qh4 Be7 30. g4 b5 31. axb5 axb5 32. Qg3 bxc4 33. bxc4 Na6 34. f4 Qb4 35. Rdc2 Bd6 36. Qf3 Qb3 37. Rf2 Rf8 38. Qd1 Qb4 39. Rfc2 Nc5 40. Bf1 Qb3 41. Kg2 Rb8 42. Ba1 Qe3 43. f5 Rb3 44. Qe1 Qxh3+ 45. Kg1 Qxg4+ 46. Rg2 Qxf5 47. Be2 Qf4 48. Rb1 Qe3+ 49. Kf1 Rxb1 50. Qxb1 Ne4 51. Qd3 Qc1+ 52. Qd1 Qf4+ 53. Kg1 Rb8 54. Qd3 Qc1+ 55. Kh2 Qf4+ 56. Kg1 Bc5 57. Rg4 0-1

[Event "Medimurska CupT"]
[Site "Croatia"]
[Date "2014.02.15"]
[Round "2.2"]
[White "Gakic, Miodrag"]
[Black "Srnec, Sladjan"]
[Result "1-0"]
[WhiteElo "2030"]
[BlackElo "1917"]
[PlyCount "66"]
[EventDate "2014.02.08"]
[EventType "team-swiss"]
[EventRounds "6"]
[EventCountry "CRO"]
[SourceTitle "EXT 2023"]
[Source "ChessBase"]
[SourceDate "2022.10.05"]
[SourceVersion "1"]
[SourceVersionDate "2022.10.05"]
[SourceQuality "1"]

1. e4 d6 2. d4 g6 3. Nc3 Bg7 4. Nf3 Nf6 5. Bg5 0-0 6. Qd2 c5 7. 0-0-0 cxd4 8. Nxd4 Ng4 9. f3 h6 10. Bh4 Nf6 11. Bc4 Nc6 12. Nxc6 bxc6 13. e5 Ne8 14. exd6 Nxd6 15. Bb3 Qc7 16. Bxe7 Qxe7 17. Qxd6 Qb7 18. Qxg6 Kh8 19. Qe4 f5 20. Qc4 Bd7 21. Rd6 Be8 22. Rhd1 Qe7 23. Qe2 Qg5+ 24. Qd2 Qh5 25. h3 Rb8 26. Qe3 a5 27. Na4 Qh4 28. Nc5 a4 29. Nxa4 Bf7 30. Nc5 Rfe8 31. Qd2 Bd5 32. Nd3 Qg3 33. Nf4 Qxf4 1-0

[Event "Medimurska CupT"]
[Site "Croatia"]
[Date "2014.02.08"]
[Round "1.3"]
[White "Skrobar, David"]
[Black "Gakic, Miodrag"]
[Result "0-1"]
[WhiteElo "1888"]
[BlackElo "2030"]
[PlyCount "68"]
[EventDate "2014.02.08"]
[EventType "team-swiss"]
[EventRounds "6"]
[EventCountry "CRO"]
[SourceTitle "EXT 2023"]
[Source "ChessBase"]
[SourceDate "2022.10.05"]
[SourceVersion "1"]
[SourceVersionDate "2022.10.05"]
[SourceQuality "1"]

1. d4 Nf6 2. Bg5 g6 3. Bxf6 exf6 4. g3 d5 5. Bg2 Bg7 6. e3 0-0 7. Ne2 c6 8. 0-0 Re8 9. Nd2 Bg4 10. h3 Bxe2 11. Qxe2 Qb6 12. Nb3 f5 13. Qd3 Nd7 14. c4 dxc4 15. Qxc4 Nf6 16. Nc5 Rad8 17. Rfc1 Nd5 18. Rab1 a5 19. b4 Nxe3 20. fxe3 Qc7 21. Re1 Qxg3 22. Qc1 f4 23. exf4 Bxd4+ 24. Kh1 Be3 25. Qc3 axb4 26. Qb3 Rd2 27. Rg1 b6 28. Nd7 Rxd7 29. Rgd1 Rxd1+ 30. Rxd1 c5 31. Rf1 Bxf4 32. Qxg3 Bxg3 33. Bd5 Re7 34. Rf6 Bc7 0-1

[Event "CRO-chT3B Center North"]
[Site "Croatia"]
[Date "2013.05.19"]
[Round "5.3"]
[White "Gakic, Miodrag"]
[Black "Zalig, Christian"]
[Result "1/2-1/2"]
[WhiteElo "1970"]
[BlackElo "2025"]
[PlyCount "58"]
[EventDate "2013.04.14"]
[EventType "team-tourn"]
[EventRounds "9"]
[EventCountry "CRO"]
[SourceTitle "EXT 2019"]
[Source "ChessBase"]
[SourceDate "2018.10.10"]
[SourceVersion "1"]
[SourceVersionDate "2018.10.10"]
[SourceQuality "1"]

1. e4 d5 2. exd5 Qxd5 3. Nc3 Qd8 4. d4 Nf6 5. Bg5 e6 6. Nf3 Be7 7. Qd2 0-0 8. 0-0-0 c6 9. Kb1 b5 10. Bxf6 Bxf6 11. Ne4 Be7 12. c4 bxc4 13. Bxc4 Ba6 14. Bb3 Nd7 15. Rhe1 Nb6 16. Ne5 Bb7 17. Rc1 Nd5 18. Nxc6 Bxc6 19. Rxc6 Bb4 20. Nc3 a5 21. a3 Nxc3+ 22. bxc3 Bxa3 23. Ka2 a4 24. Bc4 Be7 25. f4 Rc8 26. Rxc8 Qxc8 27. Qd3 Qc6 28. Bb5 Qd6 29. c4 Qxf4 1/2-1/2

[Event "CRO-chT3B Center North"]
[Site "Croatia"]
[Date "2013.04.28"]
[Round "3.4"]
[White "Gakic, Miodrag"]
[Black "Cavlek, Marko"]
[Result "1-0"]
[WhiteElo "1970"]
[BlackElo "1785"]
[PlyCount "47"]
[EventDate "2013.04.14"]
[EventType "team-tourn"]
[EventRounds "9"]
[EventCountry "CRO"]
[SourceTitle "EXT 2019"]
[Source "ChessBase"]
[SourceDate "2018.10.10"]
[SourceVersion "1"]
[SourceVersionDate "2018.10.10"]
[SourceQuality "1"]

1. e4 c5 2. Nf3 d6 3. d4 cxd4 4. Nxd4 Nf6 5. Nc3 a6 6. Be3 e6 7. f3 b5 8. Qd2 Bb7 9. 0-0-0 Nbd7 10. g4 h6 11. h4 Rc8 12. Bh3 Ne5 13. g5 Nc4 14. Qf2 b4 15. Nce2 Qa5 16. Kb1 Nxe3 17. Qxe3 Nd7 18. g6 Nc5 19. gxf7+ Kxf7 20. Qf4+ Ke7 21. Nxe6 Nxe6 22. Qxd6+ Ke8 23. Qxe6+ Be7 24. Qg6+ 1-0

[Event "Podturen Mavrin Memorial"]
[Site "Podturen"]
[Date "2013.01.04"]
[Round "3"]
[White "Gakic, Miodrag"]
[Black "Zadravec, Matija"]
[Result "1-0"]
[WhiteElo "1957"]
[BlackElo "1695"]
[PlyCount "53"]
[EventDate "2013.01.03"]
[EventType "swiss"]
[EventRounds "7"]
[EventCountry "CRO"]
[SourceTitle "CBM 152 Extra"]
[Source "ChessBase"]
[SourceDate "2013.02.25"]
[SourceVersion "1"]
[SourceVersionDate "2013.02.25"]
[SourceQuality "1"]

1. e4 c5 2. Nf3 d6 3. d4 cxd4 4. Nxd4 Nf6 5. Nc3 e6 6. Be3 Be7 7. f3 Nc6 8. Qd2 Qc7 9. Ndb5 Qd8 10. 0-0-0 d5 11. exd5 exd5 12. Nxd5 Nxd5 13. Qxd5 Qxd5 14. Nc7+ Kf8 15. Nxd5 Be6 16. Nc7 Rc8 17. Nxe6+ fxe6 18. Rd7 h6 19. Rxb7 Rd8 20. Rc7 Nb4 21. Rxa7 Bf6 22. Bc5+ Kg8 23. Bc4 Nc6 24. Bxe6+ Kh7 25. Bf5+ Kg8 26. Rc7 Ne5 27. f4 1-0

[Event "Porec op"]
[Site "Porec"]
[Date "2011.12.02"]
[Round "3"]
[White "Gakic, Miodrag"]
[Black "Bursic, Elvis"]
[Result "1-0"]
[WhiteElo "1887"]
[BlackElo "1979"]
[PlyCount "77"]
[EventDate "2011.12.01"]
[EventType "swiss"]
[EventRounds "7"]
[EventCountry "CRO"]
[SourceTitle "CBM 145 Extra"]
[Source "ChessBase"]
[SourceDate "2012.01.03"]
[SourceVersion "1"]
[SourceVersionDate "2012.01.03"]
[SourceQuality "1"]

1. e4 c5 2. Nf3 d6 3. d4 cxd4 4. Nxd4 e5 5. Nb5 a6 6. N5a3 Nf6 7. Bd3 Nc6 8. Bg5 Be7 9. Nc3 Be6 10. Bxf6 gxf6 11. Nc4 b5 12. Ne3 Qa5 13. 0-0 Nb4 14. Be2 Rg8 15. a4 bxa4 16. Rxa4 Qb6 17. Bb5+ Kf8 18. Rxb4 axb5 19. Rxb5 Qc6 20. Qd3 Rd8 21. Ncd5 Bc8 22. Rb6 Qa8 23. Nxe7 Kxe7 24. Nd5+ Kf8 25. Nxf6 Rg6 26. Nd5 Kg7 27. Ne7 Qa7 28. Nxc8 Rxc8 29. Qb3 Rc7 30. h3 Qa8 31. Qd3 f5 32. Rxd6 Rg5 33. Rd7+ Rxd7 34. Qxd7+ Kh6 35. Qd5 Qe8 36. exf5 Qh5 37. Qxe5 Qf3 38. Qf6+ Kh5 39. Qxg5+ 1-0

[Event "Porec op"]
[Site "Porec"]
[Date "2011.12.01"]
[Round "2"]
[White "Rafaelic, Denis"]
[Black "Gakic, Miodrag"]
[Result "1-0"]
[WhiteElo "1745"]
[BlackElo "1887"]
[PlyCount "73"]
[EventDate "2011.12.01"]
[EventType "swiss"]
[EventRounds "7"]
[EventCountry "CRO"]
[SourceTitle "CBM 145 Extra"]
[Source "ChessBase"]
[SourceDate "2012.01.03"]
[SourceVersion "1"]
[SourceVersionDate "2012.01.03"]
[SourceQuality "1"]

1. d4 Nf6 2. c4 g6 3. Nc3 d5 4. cxd5 Nxd5 5. e4 Nxc3 6. bxc3 Bg7 7. Be3 0-0 8. Nf3 c5 9. Qd2 Qa5 10. Rd1 Bg4 11. Bc4 Nc6 12. 0-0 Rad8 13. Qb2 Bxf3 14. gxf3 Rd7 15. e5 e6 16. f4 Rfd8 17. Be2 Bf8 18. Bf3 Qa4 19. Bxc6 Qxc6 20. Qe2 Qe4 21. Qd3 Qf3 22. Bc1 Qxd3 23. Rxd3 cxd4 24. cxd4 Rxd4 25. Rxd4 Rxd4 26. Be3 Ra4 27. Rc1 Rxa2 28. f5 f6 29. fxe6 Be7 30. Rc7 Kf8 31. Rc8+ Kg7 32. Rc7 Kf8 33. Rc8+ Kg7 34. Rc7 Kf8 35. Bh6+ Ke8 36. Rc8+ Bd8 37. exf6 1-0

[Event "CRO-chT3B Center North"]
[Site "Croatia"]
[Date "2011.10.22"]
[Round "8.2"]
[White "Cavlek, Marko"]
[Black "Gakic, Miodrag"]
[Result "0-1"]
[WhiteElo "1860"]
[BlackElo "1887"]
[PlyCount "42"]
[EventDate "2011.03.26"]
[EventType "team-tourn"]
[EventRounds "9"]
[EventCountry "CRO"]
[SourceTitle "EXT 2014"]
[Source "ChessBase"]
[SourceDate "2013.11.20"]
[SourceVersion "1"]
[SourceVersionDate "2013.11.20"]
[SourceQuality "1"]

1. d4 Nf6 2. c4 g6 3. Nc3 d5 4. cxd5 Nxd5 5. e4 Nxc3 6. bxc3 Bg7 7. Bc4 0-0 8. Ne2 c5 9. 0-0 Nc6 10. Be3 Qa5 11. Qb3 Qc7 12. dxc5 Na5 13. Qb4 b6 14. Bd5 Rb8 15. cxb6 axb6 16. Nd4 Ba6 17. Rfc1 e6 18. Bb3 Rfc8 19. Rab1 Bf8 20. Nb5 Qd7 21. Qd4 Bxb5 0-1

[Event "CRO-chT3B Center North"]
[Site "Croatia"]
[Date "2011.04.09"]
[Round "2.34"]
[White "Husajina, Nikola"]
[Black "Gakic, Miodrag"]
[Result "1/2-1/2"]
[WhiteElo "1739"]
[BlackElo "1887"]
[PlyCount "38"]
[EventDate "2011.03.26"]
[EventType "team-tourn"]
[EventRounds "9"]
[EventCountry "CRO"]
[SourceTitle "EXT 2014"]
[Source "ChessBase"]
[SourceDate "2013.11.20"]
[SourceVersion "1"]
[SourceVersionDate "2013.11.20"]
[SourceQuality "1"]

1. e4 Nf6 2. e5 Nd5 3. d4 d6 4. Nf3 g6 5. Ng5 e6 6. Qf3 f6 7. exf6 Qxf6 8. Qxf6 Nxf6 9. Bd3 Bg7 10. 0-0 0-0 11. Re1 Ng4 12. Nf3 Nc6 13. c3 Bd7 14. h3 Nf6 15. Bg5 Rae8 16. Nbd2 Nd5 17. Re2 Nf4 18. Bxf4 Rxf4 19. Rae1 Nd8 1/2-1/2

[Event "CRO-chT3B Center North"]
[Site "Cakovec"]
[Date "2010.10.23"]
[Round "9.24"]
[White "Gakic, Miodrag"]
[Black "Strukelj, Zlatko"]
[Result "1-0"]
[WhiteElo "2021"]
[BlackElo "1960"]
[PlyCount "67"]
[EventDate "2010.03.27"]
[EventType "team-tourn"]
[EventRounds "9"]
[EventCountry "CRO"]
[SourceTitle "EXT 2012"]
[Source "ChessBase"]
[SourceDate "2011.11.24"]
[SourceVersion "1"]
[SourceVersionDate "2011.11.24"]
[SourceQuality "1"]

1. e4 d6 2. d4 g6 3. Nc3 Bg7 4. Be3 c6 5. Qd2 b5 6. 0-0-0 Nd7 7. Bd3 Ngf6 8. f3 b4 9. Nce2 c5 10. dxc5 dxc5 11. Bb5 Qc7 12. g4 Qa5 13. a4 Rb8 14. Bxd7+ Nxd7 15. b3 c4 16. Nd4 cxb3 17. cxb3 Rb6 18. Bh6 Qc5+ 19. Kb1 Qxd4 20. Qxd4 Bxd4 21. Rxd4 Nc5 22. Rc4 Rc6 23. Be3 Be6 24. Rxc5 Rxc5 25. Bxc5 Bxb3 26. a5 Kd7 27. Bxa7 h5 28. Ne2 hxg4 29. fxg4 e5 30. Ng3 Kc6 31. h4 Be6 32. g5 Kb5 33. Bb6 Rd8 34. Bxd8 1-0

[Event "CRO-chT3B Center North"]
[Site "Cakovec"]
[Date "2010.04.24"]
[Round "4.42"]
[White "Gakic, Miodrag"]
[Black "Kozlovic, Kresimir"]
[Result "1-0"]
[WhiteElo "2021"]
[BlackElo "2043"]
[PlyCount "125"]
[EventDate "2010.03.27"]
[EventType "team-tourn"]
[EventRounds "9"]
[EventCountry "CRO"]
[SourceTitle "EXT 2012"]
[Source "ChessBase"]
[SourceDate "2011.11.24"]
[SourceVersion "1"]
[SourceVersionDate "2011.11.24"]
[SourceQuality "1"]

1. e4 e6 2. d4 d5 3. exd5 exd5 4. Nf3 Bg4 5. Bd3 Bd6 6. 0-0 Ne7 7. c3 Nbc6 8. Bg5 f6 9. Bh4 Qd7 10. Nbd2 0-0-0 11. b4 Ng6 12. Bg3 Nf4 13. Bb5 a6 14. Ba4 b5 15. Bc2 Rhe8 16. Bxf4 Bxf4 17. Nb3 Bd6 18. a4 Nb8 19. axb5 axb5 20. Ra7 Qe6 21. Qd3 Qe2 22. Qxe2 Rxe2 23. Bd3 Rb2 24. Na5 Bd7 25. Bxh7 Re8 26. Bd3 Re7 27. Nb7 Bf4 28. Nc5 c6 29. Nxd7 Nxd7 30. g3 Bb8 31. Ra3 Kb7 32. Rfa1 Nb6 33. R3a2 Rxa2 34. Rxa2 Na4 35. Rc2 Bd6 36. Kf1 Kb6 37. Nh4 Ra7 38. Nf5 Bf8 39. h4 g6 40. Ne3 Rg7 41. f4 Kc7 42. Ng4 Be7 43. Kf2 Kd6 44. Ne3 Kd7 45. Nxd5 Bd8 46. Ne3 Nb6 47. Kf3 f5 48. h5 gxh5 49. Bxf5+ Kc7 50. Rh2 Na4 51. Nd1 h4 52. g4 Re7 53. Be4 Rf7 54. Ke3 Kb6 55. g5 Rxf4 56. Kxf4 Bc7+ 57. Kg4 Bxh2 58. Kxh4 Bf4 59. Kh5 Bd2 60. g6 Nxc3 61. Nxc3 Bxc3 62. g7 Bxd4 63. g8Q 1-0